000 01550nam a2200229Ia 4500
999 _c20838
_d20838
003 OSt
005 20210929111552.0
008 160316s1998 xxu||||| |||| 00| 0 eng d
020 _a0406996822
040 _c.
082 _a340.42 WAL
_bWAL
100 _aWalker R J
245 _aThe English legal system
250 _a8th
260 _aLondon
_bButterworths
_c1998
300 _a610p
_cxxxi
365 _bRS.1,927
505 _aContents; Preface; Table Of Statutes ; Table Of EC Legislation ; List Of Cases; Part-1 Source Of English Law; Ch-1 ; Introductory Issues; Ch-2; Legislation; Ch-3; Law Reports And Precedents; Ch-4; Textbooks; Ch-5; The European Community And European Union; Ch-6; European Convention On Human Rights; Part; Ii; The Administration Of Justice; Ch-7; The Royal Prerogative And Judicial Review; Ch-8; The Courts; Ch-9; Tribunals And Inquiries; Ch-10; The Judiciary Ch-11; Juries; Ch-12; The Legal Profession; Ch-13; Legal Aid And Advice; Ch-14; The Police And Law Enforcement; Part-Iii; Civil Procedure; Ch-15; Resolution Or Civil Disputes; Ch-16; Commencing Proceedings; Ch-17; High Court Actions; Ch-18 County Court Proceedings; Ch -19; Costs; Ch-20; Civil Appeals; Part-IV Criminal Proceedings; Ch-21 Criminal Proceedings; Ch-22 Trial Of An Indicatable Offence; Ch-23 Sentences; Ch-24 Appeal Following Trial On Indictment; Ch-25 Summary Procedure And Appeals Index
650 _a1. English Legal System2. Legal System - U K
700 _aWalker M G
_a
942 _2ddc
_cBK